000 00920nam a22002897a 4500
003 CHAP
005 20220329133925.0
008 971013s1966 r 00010 d
010 _a12742
011 _a13714
035 _a17786
040 _cCHAP
082 _a330.3
_bG5
245 _aGlossary of economics, including Soviet terminology, in English
_c/ American, French, German, Russian
260 _aAmsterdam :
_bElsevier,
_c1966
300 _a201 p.
490 _aGlossaria interpretum
_v; 11
590 _aBATCH-UPD
_b10
_c20130110
_lUCH01
_h1604
590 _aBATCH-UPD
_b10
_c20130410
_lUCH01
_h1001
590 _aBATCH-UPD
_b10
_c20130914
_lUCH01
_h1230
590 _aCONVERSION
_b10
_c20130109
_lUCH01
_h1308
650 1 4 _aEconomía
_xDiccionarios.
_935232
830 0 _aGlossaria interpretum
_v; 11
_948316
901 _aBK
942 _cLIBRO
949 _a330.3 G5
_bBC
_cC
_d33724000529640
_eC
_h15893
_i17786
_mD
_si
999 _c12742
_d12742